Biling and accounting management system / (Record no. 217061)

MARC details
000 -LEADER
fixed length control field 00464nam a2200169Ia 4500
003 - CONTROL NUMBER IDENTIFIER
control field OSt
005 - DATE AND TIME OF LATEST TRANSACTION
control field 20260306101559.0
008 - FIXED-LENGTH DATA ELEMENTS--GENERAL INFORMATION
fixed length control field 211028s2009 xx 000 0 und d
040 ## - CATALOGING SOURCE
Transcribing agency AIMIT LIBRARY
041 ## - LANGUAGE CODE
Language code of text/sound track or separate title eng
100 ## - MAIN ENTRY--PERSONAL NAME
Personal name Kamath, Anitha; Ruban.
Miscellaneous information 60471406
9 (RLIN) 2928
110 ## - MAIN ENTRY--CORPORATE NAME
Corporate name or jurisdiction name as entry element S, Ruban.
9 (RLIN) 2929
245 ## - TITLE STATEMENT
Title Biling and accounting management system /
260 ## - PUBLICATION, DISTRIBUTION, ETC.
Place of publication, distribution, etc. Mangalore
Date of publication, distribution, etc. 2009
710 ## - ADDED ENTRY--CORPORATE NAME
Corporate name or jurisdiction name as entry element Office of Superintendent of Police
9 (RLIN) 2930
942 ## - ADDED ENTRY ELEMENTS (KOHA)
Source of classification or shelving scheme Dewey Decimal Classification
Koha item type Project Report
Holdings
Withdrawn status Lost status Source of classification or shelving scheme Damaged status Not for loan Collection code Home library Current library Date acquired Source of acquisition Total Checkouts Barcode Date last seen Copy number Price effective from Koha item type
    Dewey Decimal Classification   Not for loan Project Report MCA St Aloysius Institute of Management & Information Technology St Aloysius Institute of Management & Information Technology 10/28/2021 MCA   PRC00280 10/28/2021 060471406 10/28/2021 Project Report